Facial scars : (Record no. 1501)

MARC details
000 -LEADER
fixed length control field 01268cam a2200397 a 4500
001 - CONTROL NUMBER
control field data
005 - DATE AND TIME OF LATEST TRANSACTION
control field 20260322212103.0
008 - FIXED-LENGTH DATA ELEMENTS--GENERAL INFORMATION
fixed length control field data
035 ## - SYSTEM CONTROL NUMBER
System control number 1020045
010 ## - LIBRARY OF CONGRESS CONTROL NUMBER
LC control number 88012755
020 ## - INTERNATIONAL STANDARD BOOK NUMBER
International Standard Book Number 0801649374
020 ## - INTERNATIONAL STANDARD BOOK NUMBER
International Standard Book Number 9780801649370
035 ## - SYSTEM CONTROL NUMBER
-- (DLC) 88012755
040 ## - CATALOGING SOURCE
Original cataloging agency DNLM/DLC
Transcribing agency DLC
Modifying agency DLC
050 00 - LIBRARY OF CONGRESS CALL NUMBER
Classification number RD119.5.F33
Item number F33 1989
060 #0 - NATIONAL LIBRARY OF MEDICINE CALL NUMBER
Classification number WE 705 F1415
082 00 - DEWEY DECIMAL CLASSIFICATION NUMBER
Classification number 617/.52059
Edition information 19
245 00 - TITLE STATEMENT
Title Facial scars :
Remainder of title incision, revision & camouflage /
Statement of responsibility, etc. [edited by] J. Regan Thomas, G. Richard Holt ; illustrations by Jeanne Robertson.
260 ## - PUBLICATION, DISTRIBUTION, ETC.
Place of publication, distribution, etc. St. Louis :
Name of publisher, distributor, etc. Mosby,
Date of publication, distribution, etc. 1989.
300 ## - PHYSICAL DESCRIPTION
Extent xv, 365 p. :
Other physical details ill. (some col.) ;
Dimensions 28 cm.
336 ## - CONTENT TYPE
Content type term text
Content type code txt
Source rdacontent
337 ## - MEDIA TYPE
Media type term unmediated
Media type code n
Source rdamedia
338 ## - CARRIER TYPE
Carrier type term volume
Carrier type code nc
Source rdacarrier
504 ## - BIBLIOGRAPHY, ETC. NOTE
Bibliography, etc. note Includes bibliographies and index.
650 #0 - SUBJECT ADDED ENTRY--TOPICAL TERM
Topical term or geographic name entry element Face
General subdivision Surgery.
650 #0 - SUBJECT ADDED ENTRY--TOPICAL TERM
Topical term or geographic name entry element Scars
General subdivision Surgery.
650 #0 - SUBJECT ADDED ENTRY--TOPICAL TERM
Topical term or geographic name entry element Surgery, Plastic.
650 #2 - SUBJECT ADDED ENTRY--TOPICAL TERM
Topical term or geographic name entry element Cicatrix
General subdivision surgery.
650 #2 - SUBJECT ADDED ENTRY--TOPICAL TERM
Topical term or geographic name entry element Face
General subdivision surgery.
650 #2 - SUBJECT ADDED ENTRY--TOPICAL TERM
Topical term or geographic name entry element Surgery, Plastic.
700 1# - ADDED ENTRY--PERSONAL NAME
Personal name Thomas, J. Regan.
700 1# - ADDED ENTRY--PERSONAL NAME
Personal name Holt, G. Richard.
906 ## - LOCAL DATA ELEMENT F, LDF (RLIN)
a 7
b cbc
c orignew
d 1
e ocip
f 19
g y-gencatlg
991 ## -
-- c-GenColl
-- RD119.5.F33
-- F33 1989
-- Copy 1
-- BOOKS
Holdings
Withdrawn status Lost status Damaged status Not for loan Home library Current library Shelving location Date acquired Total checkouts Full call number Barcode Date last seen Price effective from Koha item type
        Riverside Riverside General stacks 22/03/2026   617/.52059 LOC-RPL-00048 22/03/2026 22/03/2026 Books